InvestIgaciones de UNISARC : (Registro nro. 20191)
[ vista simple ]
| 000 -CABECERA | |
|---|---|
| Campo de control | 00860nas a2200241 a 4500 |
| 005 - FECHA Y HORA DE LA ULTIMA TRANSACCION | |
| Campo de control | 20180517065730.0 |
| 008 - ELEMENTOS DE LONGITUD FIJA—INFORMACION GENERAL | |
| Campo de control | 180517c2002 ck zu|p|r|||| 00| 0 spa d |
| 022 ## - ISSN | |
| ISSN | 1692-312X |
| 040 ## - FUENTE DE CATALOGACIÓN | |
| Agencia catalogadora original | CO-BoIAVH |
| Agencia transcriptora | CO-BoIAVH |
| 041 0# - IDIOMA | |
| Código de idioma para texto/pista de sonido o título separado | Español |
| 044 ## - PAÍS DE PUBLICACIÓN | |
| País de publicación | Colombia |
| 090 ## - CLASIFICACIÓN LOCAL | |
| Colección | SE |
| 245 00 - MENCION DE TITULO | |
| Título | InvestIgaciones de UNISARC : |
| Parte restante del título | Boletín |
| 260 ## - PUBLICACION, DISTRIBUCION, ETC. (PIE DE IMPRENTA) | |
| Lugar de publicación, distribución, etc. | Santa Rosa de Cabal (Risaralda, Colombia) : |
| Nombre del editor, distribuidor, etc. | UNISARC, |
| Fecha de publicación, distribución, etc. | 2002-. |
| 300 ## - DESCRIPCION FISICA | |
| Otros detalles físicos | ilustraciones ; |
| Dimensiones | 28 cm. |
| 310 ## - FRECUENCIA ACTUAL DE LA PUBLICACIÓN | |
| Frecuencia actual de la publicación | Otro |
| 504 ## - NOTA DE BIBLIOGRAFIA, ETC. | |
| Nota de bibliografía | Incluye referencias bibliográficas. |
| 650 20 - ASIENTO SECUNDARIO DE MATERIA - TERMINO TEMATICO | |
| Término temático o nombre geográfico como elemento de entrada | Investigación agraria |
| Subdivisión geográfica | Colombia |
| Subdivisión de forma | Publicaciones periódicas |
| 9 (RLIN) | 91198 |
| 650 26 - ASIENTO SECUNDARIO DE MATERIA - TERMINO TEMATICO | |
| Término temático o nombre geográfico como elemento de entrada | Producción animal |
| Subdivisión geográfica | Colombia |
| Subdivisión de forma | Publicaciones periódicas |
| 9 (RLIN) | 91199 |
| 650 26 - ASIENTO SECUNDARIO DE MATERIA - TERMINO TEMATICO | |
| Término temático o nombre geográfico como elemento de entrada | Producción biológica |
| Subdivisión geográfica | Colombia |
| Subdivisión de forma | Publicaciones periódicas |
| 9 (RLIN) | 91200 |
| 710 2# - ASIENTO SECUNDARIO - NOMBRE CORPORATIVO | |
| Nombre corporativo o de jurisdicción como elemento de entrada | Corporación Universitaria Santa Rosa de Cabal UNISARC |
| 9 (RLIN) | 76961 |
| 942 ## - ELEMENTOS ADICIONALES (KOHA) | |
| Sistema de clasificación | Local |
| Tipo de ítem | Periodica o revista |
| Serial record | 1 |
| Withdrawn status | Lost status | Sistema de Clasificación | Damaged status | No para préstamo | Colección | Fecha publicación (Año) | Volumen revista | Número revista | Ubicación Permanente | Ubicación actual | Fecha de adquisición | Datos de publicación Seriada | Total Checkouts | Número topográfico | Inventario / Código de Barras | Date last seen | Ejemplar | Price effective from | Forma de adquisición | Tipo de material |
|---|---|---|---|---|---|---|---|---|---|---|---|---|---|---|---|---|---|---|---|---|
| Local | Hemeroteca | 2006 | 4 | 1 | Bogotá | Bogotá | 17/05/2018 | Vol 4, No 1 | SE | 058218 | 17/05/2018 | Ej. 1 | 17/05/2018 | Donación | Periodica o revista | |||||
| Local | Hemeroteca | 2004 | 2 | 1 | Bogotá | Bogotá | 17/05/2018 | Vol 2, No 1 | SE | 058154 | 17/05/2018 | Ej. 1 | 17/05/2018 | Donación | Periodica o revista | |||||
| Local | Hemeroteca | 2010 | 8 | 1 y 2 | Bogotá | Bogotá | 17/05/2018 | Vol 8, Nros 1 y 2 | SE | 058215 | 17/05/2018 | Ej. 1 | 17/05/2018 | Donación | Periodica o revista | |||||
| Local | Hemeroteca | 2003 | 1 | 2 | Bogotá | Bogotá | 17/05/2018 | Vol 1, No 2 | SE | 058152 | 17/05/2018 | Ej. 1 | 17/05/2018 | Donación | Periodica o revista | |||||
| Local | Hemeroteca | 2002 | 1 | 1 | Bogotá | Bogotá | 17/05/2018 | Vol 1, No 1 | SE | 058151 | 17/05/2018 | Ej. 1 | 17/05/2018 | Donación | Periodica o revista | |||||
| Local | Hemeroteca | 2011 | 9 | 1 y 2 | Bogotá | Bogotá | 17/05/2018 | Vol 9, Nros 1 y 2 | SE | 058233 | 17/05/2018 | Ej. 1 | 17/05/2018 | Donación | Periodica o revista | |||||
| Local | Hemeroteca | 2005 | 3 | 1 | Bogotá | Bogotá | 17/05/2018 | Vol 3, No 1 | SE | 058220 | 17/05/2018 | Ej. 1 | 17/05/2018 | Donación | Periodica o revista | |||||
| Local | Hemeroteca | 2012 | 10 | 1 | Bogotá | Bogotá | 17/05/2018 | Vol 10, No 1 | SE | 058979 | 17/05/2018 | Ej. 1 | 17/05/2018 | Donación | Periodica o revista | |||||
| Local | Hemeroteca | 2009 | 7 | 2 | Bogotá | Bogotá | 17/05/2018 | Vol 7, No 2 | SE | 058216 | 17/05/2018 | Ej. 1 | 17/05/2018 | Donación | Periodica o revista | |||||
| Local | Hemeroteca | 2012 | 10 | 2 | Bogotá | Bogotá | 17/05/2018 | Vol 10, No 2 | SE | 038624 | 17/05/2018 | Ej. 1 | 17/05/2018 | Donación | Periodica o revista | |||||
| Local | Hemeroteca | 2005 | 3 | 2 | Bogotá | Bogotá | 17/05/2018 | Vol 3, No 2 | SE | 058219 | 17/05/2018 | Ej. 1 | 17/05/2018 | Donación | Periodica o revista | |||||
| Local | Hemeroteca | 2004 | 2 | 2 | Bogotá | Bogotá | 17/05/2018 | Vol 2, No 2 | SE | 058221 | 17/05/2018 | Ej. 1 | 17/05/2018 | Donación | Periodica o revista | |||||
| Local | Hemeroteca | 2008 | 6 | 1 | Bogotá | Bogotá | 17/05/2018 | Vol 6, No 1 | SE | 058217 | 17/05/2018 | Ej. 1 | 17/05/2018 | Donación | Periodica o revista |